World Lakes Quiz - Statistics

General Stats
  • This quiz has been taken 11 times
  • The average score is 31 of 59
Answer Stats
Hint Lake % Correct
5) Oldest and deepest lake in the world Baikal
100%
3) Cleveland, OH lies on this Great Lake Erie
100%
16) Has the longest shoreline of the Great Lakes Huron
100%
4) Largest lake entirely within the US border Michigan
100%
12) Toronto sits on the shores of this lake Ontario
100%
9) Largest freshwater lake by surface area Superior
100%
2) African lake named for the British queen Victoria
100%
50) Located on the Kazakh/Uzbek border, this "sea"was once a large lake but has now dried into desert due to Soviet irrigation Aral
91%
1) Largest lake by area, named as a "sea" Caspian
91%
6) Located on the far west side of Switzerlandthat shares the French border Geneva
91%
26) Largest lake located entirely within Canada Great Bear
91%
10) Yellowknife, NT borders this lake Great Slave
91%
13) Largest lake in Central America, has freshwater sharks Nicaragua
91%
20) Manitoba lake that shares a name with itscapital city Winnipeg
91%
7) Famous lake in northern Italy, home to manyvillas and mountain homes Como
82%
21) Located near St Petersburg, it is the largestlake in Europe Ladoga
82%
28) Eastern African lake that shares a namewith a country that lies on it Malawi
82%
35) Largest loch in Scotland by volume, which mayor may not hold a mythical sea monster Ness
82%
11) Straddles the border between Nevada andCalifornia Tahoe
82%
8) Highest lake in the world in the Andes borderof Peru and Bolivia Titicaca
82%
38) These lakes in central NY are shaped like the digitson a hand Finger
73%
15) Saline lake in Utah on which the capitalshares a name Great Salt
73%
34) Straddles the border of New York and Vermontup to the Canadian line Champlain
64%
36) This Oregon lake is the deepest in the US Crater
64%
33) Popular summer tourist lake in the mountains ofMissouri of which it shares a name Lake of the Ozarks
64%
14) Largest lake in Florida, called the "mother ofthe Everglades" Okeechobee
64%
37) 2nd largest lake in Europe Onega
64%
17) NY lake in the Adirondacks that held the Winter Olympics of 1932 and 1980 Placid
64%
22) Deepest lake in Africa and the worlds 2nddeepest freshwater lake Tanganyika
64%
57) Largest lake in Wyoming, shares a name with thenational park its in Yellowstone
64%
19) Reservoir formed by the Hoover Dam on theArizona-Nevada border Mead
55%
54) A 24 mile bridge connecting New Orleans to Mandevillecrosses this massive lake Pontchartrain
55%
56) Largest lake in Wisconsin, shares a name with anolder type of RV Winnebago
55%
30) Largest lake in Australia Eyre
45%
44) This lake in far east Turkey is the countries' largest Van
45%
29) Massive subglacial lake in Antarctica beneaththe East Antarctic Ice Sheet Vostok
45%
24) Largest lake in Kazakhstan Balkhash
36%
45) 2nd largest saline lake, located in the Kyrgyzstan mountains Issyk-Kul
36%
32) Large, remote lake on the Minnesota border withManitoba and Ontario Lake of the Woods
36%
31) Ancient volcanic lake, the largest in New Zealand Taupo
27%
59) This lake in northern Sumatra was formed by a supervolcano eruption Toba
27%
25) Lake in NH popular with summer tourists and activities Winnipesaukee
27%
40) This lake in Western Australia is bright pink yearround due to high salinity and algae Hillier
18%
51) This manmade lake on the Utah/Arizona border isa popular tourist destination Powell
18%
48) This alkaline lake is the largest in China Qinghai
18%
18) Situated near Austin, TX and is its mainwater supply Travis
18%
46) This Swedish lake is the largest in the EU and the 3rd largest in Europe Vanern
18%
53) This freshwater lake south of Guadalajara is Mexicos' largest Chapala
9%
58) Largest lake entirely within Ireland Corrib
9%
27) Glacial lake in Montana known for itsclear waters Flathead
9%
39) Popular vacation lake in upstate NY, often calledthe "Queen of American lakes" George
9%
55) This lake on the ND-SD border is the largest manmade lake in the US Oahe
9%
42) Remote lake on the Saskatchewan-Manitoba borderformed by a meteor impact Reindeer
9%
23) The Blue Nile flows out of this Ethiopian lake Tana
9%
43) This African lake is the largest permanent desertlake and the largest alkaline lake Turkana
9%
52) Largest lake in Alaska Iliamna
0%
47) Worlds largest lake on an island, located on remoteBaffin Island Nettilling
0%
60) Largest freshwater lake in Micronesia, located in Palau Ngardok
0%
49) Largest lake in Mongolia Uvs
0%
No matching quizzes found
Score Distribution
Percent of People with Each Score
Percentile by Number Answered
Your Score History
You have not taken this quiz